Score 0/30 Timer 06:00
6 Plays Today
Jumble Answer % Correct
Anagrams of 'EIMRT'TIMER
86.4%
'B' languagesBASQUE
81.2%
Anagrams of 'EIMRT'MITER
71.2%
Anagrams of 'EIMRT'REMIT
70.4%
English prepositionsBEYOND
65.3%
Anagrams of 'EIMRT'MERIT
64.9%
Anagrams of 'EIMRT'MITRE
64.5%
Words of Chinese or Japanese originORIGAMI
62.7%
English prepositionsAROUND
54%
Words of Chinese or Japanese originSUDOKU
51.7%
'B' languagesBURMESE
51%
English prepositionsUNDERNEATH
50.1%
Diacritical marksTILDE
49.9%
Spanish numbersUNO
45%
Spanish numbersCUATRO
44.1%
Jumble Answer % Correct
Diacritical marksMACRON
43.6%
English prepositionsAMONGST
43%
English prepositionsOPPOSITE
41.4%
Spanish numbersNUEVE
39.2%
Diacritical marksCIRCUMFLEX
38.6%
'B' languagesBENGALI
35.6%
'B' languagesBULGARIAN
35.1%
Diacritical marksUMLAUT
33.9%
Words of Chinese or Japanese originTYCOON
31.5%
Spanish numbersQUINCE
31.3%
Words of Chinese or Japanese originTSUNAMI
29.7%
Words of Chinese or Japanese originLYCHEE
29.3%
'B' languagesBELARUSIAN
23.6%
Diacritical marksCEDILLA
16.1%
Spanish numbersDIECIOCHO
13.6%

You're not logged in!

Compare scores with friends on all Sporcle quizzes.
OR
Log In

Sporcle TV

Today on Sporcle TV


Watch our educational content, quiz creation guides, and fun videos on Sporcle TV.

Show Comments

Extras

Top Quizzes Today


Score Distribution

Paid Content

Your Account Isn't Verified!

In order to create a playlist on Sporcle, you need to verify the email address you used during registration. Go to your Sporcle Settings to finish the process.

Report this User

Report this user for behavior that violates our Community Guidelines.

Details: